UBT Library

Facilitator's guide to participatory decision-making / (Record no. 47225)

000 -LEADER
fixed length control field 00933cam a2200265 a 4500
001 - CONTROL NUMBER
control field 14636741
005 - DATE AND TIME OF LATEST TRANSACTION
control field 20180820045005.0
008 - FIXED-LENGTH DATA ELEMENTS--GENERAL INFORMATION
fixed length control field 061116s2007 caua bf 001 0 eng
010 ## - LIBRARY OF CONGRESS CONTROL NUMBER
LC control number 2006037961
020 ## - INTERNATIONAL STANDARD BOOK NUMBER
International Standard Book Number 9780787982669 (cloth)
020 ## - INTERNATIONAL STANDARD BOOK NUMBER
International Standard Book Number 0787982660 (cloth)
035 ## - SYSTEM CONTROL NUMBER
System control number (OCoLC)ocm76416580
035 ## - SYSTEM CONTROL NUMBER
System control number (OCoLC)76416580
040 ## - CATALOGING SOURCE
Original cataloging agency DLC
Transcribing agency DLC
Modifying agency BAKER
-- BTCTA
-- C#P
-- YDXCP
-- DLC
041 ## - LANGUAGE CODE
Language code of text/sound track or separate title eng
080 ## - UNIVERSAL DECIMAL CLASSIFICATION NUMBER
Universal Decimal Classification number 658.4036
082 00 - DEWEY DECIMAL CLASSIFICATION NUMBER
Classification number 658.4036
Edition number 22
100 1# - Rafti
Rafti 54
101 ## - Shkurtesa
Shkurtesa LID
245 10 - TITLE STATEMENT
Title Facilitator's guide to participatory decision-making /
Statement of responsibility, etc Sam Kaner with Lenny Lind ... [et al.] ; foreword by Michael Doyle.
504 ## - BIBLIOGRAPHY, ETC. NOTE
Bibliography, etc Includes bibliographical references (p. 315-318) and index.
906 ## - LOCAL DATA ELEMENT F, LDF (RLIN)
a 7
b cbc
c orignew
d 1
e ecip
f 20
g y-gencatlg
942 ## - ADDED ENTRY ELEMENTS (KOHA)
Source of classification or shelving scheme
Item type Books
Holdings
Withdrawn status Lost status Source of classification or shelving scheme Damaged status Not for loan Collection code Permanent location Current location Shelving location Date acquired Total Checkouts Full call number Barcode Date last seen Price effective from Koha item type
          Koleksioni i përgjithshem UBT - Lipjan UBT - Lipjan Koleksioni i përgjithshem 08/20/2018   658.4036 KAN 002-3011448 08/20/2018 08/20/2018 Books
UBT Library © 2015-2024. All rights reserved University Education for Business and Technology